00436 2200181 4500001002100000005001500021035002000036008004100056245004600097100001200143250000600155260003400161300001100195084001400206082000800220650001400228990001200242INLIS00000000000022320240502022841 a0010-0424000199240502 0 ind 1 aBiomimikri : Berguru Pada Alam /cSupardi aSupardi a1 aSolo :bTiga Serangkai,c2011 a74 hlm a500 SUP b a500 4aNon Fiksi a0732431